| 000 | 00916nam a2200289 a 4500 | ||
|---|---|---|---|
| 008 | |||
| 020 | _a9780128153208 (paperback) | ||
| 040 |
_aNUST _cNUST |
||
| 049 | _aMAIN | ||
| 090 |
_aQP364.5 _bMER |
||
| 100 | 1 |
_aMeriney, Stephen D., _aauthor. |
|
| 245 | 1 | 0 |
_aSynaptic transmission/ _c Stephen D Meriney & Erika E Fanselow. |
| 260 |
_aLondon : _bAcademic Press, _c2019. |
||
| 300 |
_axi, 516 pages : _billustrations (chiefly colour) ; _c24 cm. |
||
| 336 |
_atext _btxt _2rdacontent |
||
| 337 |
_aunmediated _bn _2rdamedia |
||
| 338 |
_avolume _bnc _2rdacarrier |
||
| 500 | _aIncludes index. | ||
| 504 | _aIncludes bibliographical references. | ||
| 650 | 1 | _aNeural transmission. | |
| 650 | _aSynapses. | ||
| 700 |
_aFanselow, Erika E., _aauthor. |
||
| 907 |
_a.b10415099 _b03-03-22 _c03-03-22 |
||
| 003 | |||
| 005 | 20230123141233.0 | ||
| 942 |
_cBOOKS _kQP364.5 _mMER |
||
| 999 |
_c170032 _d170032 |
||